[Event "Grand Slam Final 4th"]
[Site "Sao Paulo/Bilbao"]
[Date "2011.10.01"]
[Round "5"]
[White "Ivanchuk, Vassily"]
[Black "Carlsen, Magnus"]
[Result "0-1"]
[WhiteElo "2765"]
[BlackElo "2823"]
[Annotator "CB"]
[PlyCount "90"]
[EventDate "2011.09.26"]
[EventType "tourn"]
[EventRounds "10"]
[EventCountry "BRA"]
[EventCategory "22"]
[SourceTitle "CBM 145"]
[Source "ChessBase"]
[SourceDate "2011.11.11"]
[SourceVersion "1"]
[SourceVersionDate "2011.11.11"]
[SourceQuality "1"]

1. e4 e6 2. d4 d5 3. Nc3 Nf6 4. e5 Nfd7 5. f4 c5 6. Nf3 Nc6 7. Be3 Be7 8. a3
O-O 9. Qd2 b6 10. g3 (10. Bd3 f6 11. exf6 Nxf6 12. Bb5 Qc7 13. Bxc6 Qxc6 14.
Ne5 Qe8 15. Qe2 Nd7 16. Nxd7 Bxd7 17. O-O Qg6 18. a4 c4 19. Rf3 a6 20. a5 b5
21. Nd1 b4 22. Nf2 Bb5 23. Rg3 Qf5 24. Qg4 Rf7 25. Qd1 c3 26. Ng4 Kh8 27. Ne5
Rff8 28. b3 Bf6 29. Ng4 Be8 30. Nxf6 gxf6 31. Qg4 Bg6 32. Qxf5 Bxf5 33. Ra2 h5
34. Bf2 Kh7 35. Re3 Rf7 36. Bh4 Rg8 37. g3 Be4 38. Re2 Kg6 39. Ra4 Rb7 40. h3
Re8 41. Ra1 e5 42. fxe5 fxe5 43. dxe5 Rxe5 44. Rf1 Rf5 45. Rxf5 Bxf5 46. Bd8 d4
47. g4 hxg4 48. hxg4 Bxc2 49. Rxc2 d3 {0-1 (49) Macieja,B (2470)-Morozevich,A 
(2590)/St Petersburg 1997/CBM 062}) 10... Kh8 11. h4 f6 12. exf6 Nxf6 13. Bh3
Bd7 14. Rd1 cxd4 15. Nxd4 e5 16. Nxc6 Bxc6 17. fxe5 d4 18. exf6 Bxf6 19. O-O
dxc3 20. Qxd8 Raxd8 21. Rxd8 Rxd8 22. b3 {From here on the Norwegian GM
proceeds to outplay the tournament leader in this double-bishops ending.
Typical Carlsen.} Re8 23. Bf2 Be4 24. Re1 Re7 25. Rc1 h5 26. Bg2 Bf5 27. Bf3 g6
28. a4 Kh7 29. b4 g5 30. a5 g4 31. axb6 axb6 32. Bc6 Re2 33. Bxb6 Be5 34. b5
Kg7 35. Ba5 Rxc2 36. Rxc2 Bxc2 37. Kf2 $2 (37. b6 {would have probably held
the position.}) 37... Bd3 38. Ke3 Bg6 39. Be4 $2 ({Once again White could have
tried to defend with} 39. b6) 39... c2 40. Bd2 Bxg3 41. Bxg6 Kxg6 42. Kd3 Bf2
43. Kxc2 g3 44. Bf4 g2 45. Bh2 Kf5 {Nicely played by the amazing Magnus. A
game to study.} 0-1

[Event "Moscow Tal Memorial 7th Blitz"]
[Site "Moscow"]
[Date "2012.06.07"]
[Round "9"]
[White "Tomashevsky, Evgeny"]
[Black "Carlsen, Magnus"]
[Result "0-1"]
[WhiteElo "2738"]
[BlackElo "2835"]
[PlyCount "122"]
[EventDate "2012.06.07"]
[EventType "tourn (blitz)"]
[EventRounds "9"]
[EventCountry "RUS"]
[EventCategory "22"]
[SourceTitle "CBM 148 Extra"]
[Source "ChessBase"]
[SourceDate "2012.06.22"]
[SourceVersion "1"]
[SourceVersionDate "2012.06.22"]
[SourceQuality "1"]

{Missing moves added. https://www.youtube.com/watch?v=J1-sYUO_cMQ} 1. c4 c5 2.
Nf3 Nc6 3. d4 cxd4 4. Nxd4 Nf6 5. g3 h5 6. Bg2 h4 7. Nc3 g6 8. Bg5 hxg3 9. hxg3
Rxh1+ 10. Bxh1 Bg7 11. Nb3 b6 12. Nd5 Nh7 13. Bxe7 Nxe7 14. Nxe7 Bxb2 15. Rb1
Bc3+ 16. Kf1 Rb8 17. Nxc8 Rxc8 18. Qd3 Bg7 19. Rd1 Ng5 20. Bd5 Ne6 21. Nd2 Qe7
22. Ne4 Kf8 23. Kg2 Nc7 24. Bb7 Rb8 25. Nd6 Be5 26. Bf3 Qxd6 27. Qxd6+ Bxd6 28.
Rxd6 Ke7 29. Rd3 Ne6 30. Ra3 a5 31. Bd5 Kd6 32. e4 Kc5 33. Rf3 Rf8 34. Rb3 Nd4
35. Rb1 a4 36. f4 f6 37. Rh1 a3 38. Rh6 Nc2 39. g4 g5 40. Rh3 gxf4 41. Rb3 Kd4
42. Kf3 Ke5 43. Rxb6 Rh8 44. c5 Rh3+ 45. Kf2 Rh2+ 46. Kg1 Rd2 47. Rb3 Nd4 48.
Rxa3 f3 49. Kf1 Kf4 50. e5 Kg3 51. Re3 fxe5 52. Rxe5 Nc2 53. Bxf3 Kxf3 54. Rf5+
Kxg4 55. Rf2 Rxf2+ 56. Kxf2 Kf5 57. Ke2 Ke5 58. Kd3 Nb4+ 59. Kc4 Nxa2 60. c6
dxc6 61. Kc5 Nb4 0-1

[Event "Wch Rapid"]
[Site "Astana"]
[Date "2012.07.06"]
[Round "5"]
[White "Kurnosov, Igor"]
[Black "Carlsen, Magnus"]
[Result "0-1"]
[WhiteElo "2663"]
[BlackElo "2837"]
[Annotator "CB"]
[PlyCount "128"]
[EventDate "2012.07.06"]
[EventType "tourn (rapid)"]
[EventRounds "15"]
[EventCountry "KAZ"]
[EventCategory "19"]
[SourceTitle "CBM 149 Extra"]
[Source "ChessBase"]
[SourceDate "2012.08.24"]
[SourceVersion "1"]
[SourceVersionDate "2012.08.24"]
[SourceQuality "1"]

1. e4 e5 2. Nf3 Nc6 3. Bb5 Nf6 4. O-O Nxe4 5. Re1 Nd6 6. Nxe5 Be7 7. Bf1 Nf5 8.
Nf3 O-O 9. d4 d5 10. g3 Re8 11. Nc3 Be6 12. Ne2 Bf8 13. Nf4 Bd7 14. Rxe8 Bxe8
15. Bh3 Nce7 16. Qd3 g6 17. Bd2 c6 18. Re1 Bd7 19. Ne5 Bc8 20. Bb4 Nd6 21. Qf3
Bxh3 22. Nxh3 Nef5 23. c3 a5 24. Bxd6 Nxd6 25. Qf4 Bg7 26. Ng5 Qf6 27. Qxf6
Bxf6 28. h4 a4 29. Nd7 Bd8 30. a3 Kg7 31. Re2 h6 32. Nf3 h5 33. Kg2 f6 34. Nc5
Kf7 35. Ne6 Ba5 36. Nf4 Bc7 37. Nd2 Ra5 38. Nd3 Rb5 39. Nb4 Bd8 40. Kf1 Be7 41.
Ke1 Bf8 42. Kd1 Bh6 43. Kc2 Ra5 44. Nd3 Ra8 45. Nc5 b6 46. Nd3 Rc8 47. Nb4 Bxd2
48. Kxd2 g5 49. hxg5 fxg5 50. Ke1 Nc4 51. Kf1 b5 52. Kg2 g4 53. f3 Re8 54. Rf2
gxf3+ 55. Rxf3+ Kg7 56. Nxc6 Re2+ 57. Rf2 Rxb2 58. Rxb2 Nxb2 59. Na7 Kf6 60.
Nxb5 Ke6 61. Kf3 Nc4 62. Ke2 $4 (62. Nc7+ Kd6 63. Na6 {would have held the
draw.}) {Do you see how Black now wins? Simply by picking up the knight, which
is trapped.} 62... Kd7 63. Kd3 Kc6 64. Na7+ Kb7 0-1

[Event "Wch Rapid"]
[Site "Astana"]
[Date "2012.07.08"]
[Round "15"]
[White "Topalov, Veselin"]
[Black "Carlsen, Magnus"]
[Result "1/2-1/2"]
[WhiteElo "2752"]
[BlackElo "2837"]
[Annotator "CB"]
[PlyCount "108"]
[EventDate "2012.07.06"]
[EventType "tourn (rapid)"]
[EventRounds "15"]
[EventCountry "KAZ"]
[EventCategory "19"]
[SourceTitle "CBM 149 Extra"]
[Source "ChessBase"]
[SourceDate "2012.08.24"]
[SourceVersion "1"]
[SourceVersionDate "2012.08.24"]
[SourceQuality "1"]

1. Nf3 d5 2. d4 Nf6 3. c4 c6 4. Nc3 a6 5. e3 Bf5 6. Bd3 e6 7. Bxf5 exf5 8. Qb3
Ra7 9. Bd2 dxc4 10. Qxc4 Bd6 11. O-O O-O 12. Qd3 g6 13. e4 fxe4 14. Nxe4 Nxe4
15. Qxe4 Nd7 16. Bg5 Qa5 17. Rfe1 Raa8 18. h3 Nb6 19. Bh6 Rfd8 20. Ne5 Qd5 21.
Qh4 Re8 22. Qf6 Bf8 23. Bxf8 Rxf8 24. Ng4 h5 25. Ne5 Qd8 26. Qf4 Kg7 27. Re4
Nd5 28. Qf3 Qd6 29. Rae1 Rad8 30. a3 Qc7 31. Nd3 Rd6 32. Nc5 a5 33. Qg3 Rfd8
34. Re5 b6 35. Ne4 R6d7 36. Ng5 Qd6 37. Ne4 Qc7 38. Qf3 c5 39. Ng3 {Magnus has
been fishing around for a way to decide this essentially equal game in his
favour, and blunders:} h4 $4 40. Nh5+ gxh5 41. Qxh5 $4 ({Topalov had a forced
mate against the Norwegian, but did not see it:} 41. Rg5+ Kf8 42. Qxh5 {
and Black can only delay the mate by a few suicidal moves.}) 41... Rd6 42. Rg5+
Rg6 43. Rxd5 Qc6 44. Qxg6+ Qxg6 45. Rxd8 c4 46. d5 Qc2 47. d6 Qd2 48. Re4 Qxb2
49. Rxc4 Qa1+ 50. Kh2 Qe5+ 51. Kg1 Qe1+ 52. Kh2 Qe5+ 53. f4 Qe3 54. d7 Qg3+
1/2-1/2

[Event "Biel GM 45th"]
[Site "Biel"]
[Date "2012.07.24"]
[Round "2"]
[White "Carlsen, Magnus"]
[Black "Wang, Hao"]
[Result "1-0"]
[WhiteElo "2837"]
[BlackElo "2739"]
[Annotator "Krasenkow,M"]
[PlyCount "69"]
[EventDate "2012.07.23"]
[EventType "tourn"]
[EventRounds "10"]
[EventCountry "SUI"]
[EventCategory "21"]
[SourceTitle "CBM 150"]
[Source "ChessBase"]
[SourceDate "2012.09.14"]
[SourceVersion "1"]
[SourceVersionDate "2012.09.14"]
[SourceQuality "1"]

1. d4 Nf6 2. c4 e6 3. Nc3 Bb4 4. Qc2 O-O 5. Nf3 b6 6. e4 c5 $6 {A second-rate
move.} (6... d5 {and}) (6... Bb7 {are more common continuations.}) 7. e5 (7.
dxc5 Bxc5 (7... Bxc3+ $5 8. bxc3 e5) 8. e5 Ng4 9. Qe4 $6 {leads to big
complications, quite satisfactory for Black:} (9. Bd3 $142 Nc6 $1 $13) 9...
Nxf2 10. Qxa8 Nc6 11. Rg1 Qe7 {[%cal Rc8a6]} 12. Bg5 f6 13. exf6 gxf6 14. Bh4
Ng4 15. h3 {0-1 Toth,B (2405)-Olafsson,H (2370)/Thessaloniki 1984/EXT 1997 (36)
} Bxg1 16. hxg4 Be3 $17) (7. a3 {is not dangerous either:} Bxc3+ $1 (7... cxd4
8. axb4 dxc3 9. e5 $36) (7... Ba5 8. e5) 8. bxc3 Bb7 9. Bd3 d5 10. cxd5 exd5
11. e5 Ne4 {, and Black is more or less OK}) 7... Ne8 (7... cxd4 8. a3 $1 (8.
Nxd4 Ne8 9. Bd3 (9. Qe4 Nc6 10. Nxc6 dxc6 11. Bd3 f5 12. exf6 Nxf6 13. Qe2 e5
$132 {1/2 Kouatly,B (2460)-Miralles,G (2365)/Montpellier 1985/EXT 1999 (35)})
9... f5 10. exf6 Nxf6 11. Bg5 (11. O-O Bb7 12. Bg5 h6 13. Bh4 Nc6 14. Nxc6 Bxc6
15. Rad1 Rc8 {1/2 Brglez,R (2285)-Horvath,S (2320)/Austria 1995/EXT 1998 (25)}
16. a3 Be7 17. Bg3 $14 {/=}) 11... h6 12. Bh4 Bb7 13. O-O-O {1-0 Gausel,E 
(2490)-Bern,I (2360)/Gausdal 1995/EXT 1998 (62)} Qc8 14. Kb1 $14) 8... Bxc3+
$142 (8... dxc3 9. axb4 cxb2 (9... Ne8 10. Qxc3 (10. Bd3 $1) 10... f6 11. Be2
Bb7 12. O-O fxe5 13. Nxe5 d6 14. Nf3 Qf6 15. Qxf6 gxf6 16. Nd4 $16 Nc7 17. Bh6
Re8 18. Ra3 Kh8 19. Rfa1 Rg8 20. f3 a6 21. b5 a5 22. b4 axb4 23. Rxa8 Bxa8 24.
Ra7 Rc8 25. Bg7+ Kg8 26. Bxf6 Kf7 27. Bg5 e5 28. Nf5 {1-0 Erdos,V (2597)
-Bruedigam,M (2317)/Deizisau 2011/CBM 141 Extra}) 10. Bxb2 Ne8 11. Bd3 f5 12.
exf6 Nxf6 13. Ng5 (13. b5 $5 {[%csl Ra8,Rb8]} Bb7 14. Ng5) 13... h6 14. Nh7 Nc6
$1 (14... Nxh7 15. Bxh7+ Kh8 16. Bxg7+ $1 Kxg7 17. Qg6+ Kh8 18. Qxh6 Rf6 19.
Bg6+ Kg8 20. Ra3 $18) 15. Nxf8 Nxb4 16. Qd2 Qxf8 17. O-O Bb7 18. Ba3 a5 19.
Bxb4 axb4 20. Rxa8 Qxa8 21. f3 $16 {1-0 Sakalauskas,V (2437)-Sulskis,S (2570)/
Vilnius 2004/CBM 100 ext (62)}) 9. bxc3 Ne8 10. Bd3 (10. cxd4 $5 Bb7 11. Be2
$14) 10... h6 11. Bh7+ (11. a4 $5) 11... Kh8 12. Be4 Nc6 13. cxd4 Bb7 14. Be3
d6 $132 {1/2 Corke,A (2216)-Pokorna,R (2338)/Rijeka 2006/CBM 111 ext (58)}) 8.
d5 (8. Bg5 f6 9. exf6 Nxf6 10. dxc5 {1-0 Tomaszewski,R (2405)-Szymczak,Z (2335)
/Gdynia 1985/EXT 2001 (41)} Bxc3+ $1 11. bxc3 Bb7 12. Bd3 h6 $44) (8. Bd3 {
may be the most accurate:} f5 (8... h6 $5) 9. Bg5 (9. exf6 Nxf6 10. O-O cxd4
11. Ne4 h6 12. Nxd4 Na6 13. a3 Be7 14. b4 Bb7 15. Bb2 Nc7 16. Rfe1 $14 {
1/2 Panno,O (2485)-Galliamova,A (2400)/Aruba 1992/CBM 033 (49)}) (9. d5 $5)
9... Qc7 10. d5 d6 11. O-O-O (11. O-O $142 $16) 11... Bxc3 (11... dxe5 $142 12.
Nb5 Qb7 13. Nxe5 a6 14. Nc3 b5) 12. Qxc3 exd5 13. cxd5 $16 {1-0 Vera Gonzalez
Quevedo,R (2535)-Aleksic,N (2445)/Porto San Giorgio 1998/EXT 2000 (23)}) 8...
exd5 9. cxd5 d6 10. Bg5 (10. Bd3 $5 dxe5 11. Bxh7+ Kh8 12. Bd3 Nd6 13. O-O $14
{[%csl Rh8]}) 10... f6 11. exf6 Nxf6 12. O-O-O $5 (12. Be2 $14 {[%cal Ye1g1]})
12... Bxc3 13. bxc3 Bg4 {Black has survived the most difficult times and
obtained a decent position. However, he now once again plays inaccurately.} (
13... Na6 $142 {[%cal Ya6c7] to cover the e6-square.}) 14. Re1 Bxf3 (14... Nbd7
15. Nh4 $1 Bh5 16. Nf5 Bg6 17. Ne7+ Qxe7 18. Rxe7 Bxc2 19. Kxc2 Rae8 20. Re6 $1
Ne4 21. Be3 $14) 15. gxf3 Nbd7 16. Bd3 h6 17. Bf4 c4 $1 {Black correctly looks
for queenside counterplay but has he got enough time?} 18. Bf5 Nc5 (18... Nxd5
19. Bxh6 $1 gxh6 20. Rhg1+ Kh8 21. Qd2 Qh4 22. Qxd5 $16 Qf4+ $140 23. Kb2 Qxf5
24. Re6 Qf4 25. Qd4+ $1 $18) 19. Rhg1 {[%mdl 128]} Kh8 20. Rg6 Rf7 21. Reg1 $6
(21. Bxh6 gxh6 22. Rxh6+ Nh7 23. Rxh7+ Rxh7 24. Bxh7 Qf6 {, and Black
consolidates his position.}) (21. Qd2 $142 $1 Qf8 $1 22. Qd4 $16 (22. Bxh6 $143
Nd3+ 23. Bxd3 cxd3)) 21... Qf8 22. Be3 Nxd5 $2 {Greediness is punished! Black
could have successfully defended by means of} (22... Nh5 $1 23. Be4 (23. Be6
Rf6) 23... Nf4 (23... Nd7 $5)) 23. Bd4 (23. Bxc5 dxc5 (23... Rxf5 24. Bd4) 24.
Be6 {, winning an exchange, was also possible, e.g.} Nf4 25. Bxf7 Qxf7 26. Rxg7
Nd3+ 27. Kb1 Qxg7 28. Rxg7 Kxg7 29. Qa4 $1 {, and Black's fortress can hardly
be held.}) 23... Nf6 24. Qd2 Re8 25. Rxg7 Qxg7 26. Rxg7 Kxg7 27. Qf4 Nd3+ 28.
Bxd3 cxd3 29. Kd2 Kg6 30. Kxd3 Re6 31. h4 Rfe7 $2 {[%mdl 8192]} (31... Rh7 $1 {
was the only way to avoid further material losses although White should win in
the long run.}) 32. h5+ $1 Kf7 33. Qf5 {[%cal Rf5g6]} Re5 34. Qg6+ Ke6 35. f4 {
The capitulation was a bit premature. Black probably didn't see the only
defence} (35. f4 Rd7 $8 (35... Rf5 $2 36. Bxf6 Rxf6 37. f5+ Ke5 38. f4+) {
although his position after} 36. fxe5 (36. Qxh6 $5 Rf5 37. Qg6 Rxf4 38. h6)
36... dxe5 37. Qxh6 exd4 38. cxd4 Rd5 39. Qe3+ Kf7 40. h6 {is surely lost.})
1-0

[Event "Biel GM 45th"]
[Site "Biel"]
[Date "2012.07.28"]
[Round "6"]
[White "Nakamura, Hikaru"]
[Black "Carlsen, Magnus"]
[Result "1/2-1/2"]
[WhiteElo "2778"]
[BlackElo "2837"]
[Annotator "Krasenkow,M"]
[PlyCount "65"]
[EventDate "2012.07.23"]
[EventType "tourn"]
[EventRounds "10"]
[EventCountry "SUI"]
[EventCategory "21"]
[SourceTitle "CBM 150"]
[Source "ChessBase"]
[SourceDate "2012.09.14"]
[SourceVersion "1"]
[SourceVersionDate "2012.09.14"]
[SourceQuality "1"]

1. d4 Nf6 2. c4 g6 3. Nc3 d5 4. Nf3 Bg7 5. Bg5 Ne4 6. Bf4 Nxc3 7. bxc3 c6 {
A rare, rather passive continuation but in the hands of GM Magnus Carlsen it
becomes quite playable!} (7... c5 {and}) (7... O-O {are usually played}) 8. e3
O-O 9. cxd5 $6 {This move, giving the c6-square back to Black's knight, is
rather harmless. Practice has seen other options posing more problems to Black:
} (9. Bd3 $5 dxc4 10. Bxc4 Nd7 11. O-O Nb6 12. Bb3 Nd5 13. Ne5 Nxf4 14. exf4
Qd6 15. Re1 e6 16. Qf3 Re8 17. h4 $1 $40 {1-0 Spassky,B-Byvshev,V/Leningrad
1955/EXT 1999 (30)}) (9. Be2 dxc4 (9... Qa5 10. Qb3 Nd7 11. O-O e5 12. Bg3 dxc4
13. Bxc4 e4 14. Nd2 b5 15. Be2 Nf6 16. a4 $16 {1-0 Malaniuk,V (2615)-Markowski,
D (2305)/Koszalin 1997/CBM 059 ext (28)}) (9... Nd7 10. O-O Nb6 11. c5 Nd7 12.
c4 dxc4 13. Bxc4 b5 14. Be2 a5 15. Rc1 Nf6 16. Ne5 Bb7 17. Bf3 Nd5 18. Bg3 $14
{1-0 Movsziszian,K (2525)-Kuehn,P (2230)/Hamburg 1994/EXT 1997 (35)}) 10. Bxc4
{- 9.Bd3}) (9. h3 $5 Qa5 10. Qb3 Nd7 11. a4 dxc4 12. Bxc4 b5 13. Bd3 Nb6 14.
O-O Nxa4 15. c4 a6 16. Rfc1 Ra7 17. Ne5 Bxe5 18. Bxe5 Qd8 19. Qc2 Bd7 20. h4
$40 {1-0 Gabriel,C (2555)-Gauglitz,G (2400)/Germany 1998/GER-chT (27)}) 9...
cxd5 10. c4 (10. Bd3 {is safer.}) 10... Nc6 11. c5 Bg4 (11... f6 $5 {[%cal
Ye7e5] , and Black can even fight for the initiative.}) 12. Be2 Bxf3 13. Bxf3
e5 {A classic equalising plan. The position quickly simplifies.} 14. dxe5 Bxe5
15. Bxe5 Nxe5 16. O-O Nxf3+ 17. Qxf3 Rc8 18. Rac1 Qd7 19. Rfd1 Rfd8 20. Qe2 Rc6
21. Qb2 Rdc8 22. Qa3 b6 23. cxb6 Rxc1 24. Rxc1 Rxc1+ 25. Qxc1 axb6 26. Qb2 Qc6
27. h3 h5 28. a4 Qxa4 29. Qxb6 Qa1+ 30. Kh2 Qe5+ 31. Kg1 Qa1+ 32. Kh2 Qe5+ 33.
Kg1 1/2-1/2

[Event "Lillehammer m rapid"]
[Site "Lillehammer"]
[Date "2013.06.29"]
[Round "3"]
[White "Predojevic, Borki"]
[Black "Carlsen, Magnus"]
[Result "0-1"]
[WhiteElo "2616"]
[BlackElo "2864"]
[Annotator "CB"]
[PlyCount "113"]
[EventDate "2013.06.28"]
[EventType "match (rapid)"]
[EventRounds "4"]
[EventCountry "NOR"]
[SourceTitle "CBM 155 Extra"]
[Source "ChessBase"]
[SourceDate "2013.08.26"]
[SourceVersion "1"]
[SourceVersionDate "2013.08.26"]
[SourceQuality "1"]

1. e4 c5 2. Nf3 e6 3. c3 d5 4. exd5 Qxd5 5. d4 Nf6 6. Na3 Nc6 (6... a6 {
is another choice, but lately Black has shown that there is no need to fear
Nb5.}) 7. Nb5 Qd8 8. dxc5 Bxc5 9. Qxd8+ Kxd8 10. Bf4 Ne4 $1 {Carlsen shows
great opening knowledge even in this somewhat off-beat line of the c3 Sicilian.
} 11. Ng5 Nxg5 12. Bxg5+ f6 13. Be3 Bxe3 14. fxe3 {Black cannot be unhappy
with the result of the opening. His king being stuck in the center is not a
bad thing, since after the trade of queens it is very likely that in any
resulting endgame the king will want to be precisely near the middle of the
board. On top of that White's e-pawn can potentially become weak.} Ke7 15.
O-O-O Ne5 16. Be2 Bd7 17. Nd4 Rac8 18. Rd2 Rc5 19. Rhd1 Rhc8 20. Nf3 Ba4 21.
Re1 Nf7 22. c4 {Not bad, but it does seems a little strange to push a pawn
into a somewhat more vulnerable position.} Bc6 23. b3 Nd6 24. Kb2 a5 (24... b5
25. cxb5 Bxb5 26. Bxb5 Nxb5 27. Nd4 {would open the c-file for the black rooks,
but its unclear what else it achieves. Carlsen chooses a slower path.}) 25. Nd4
Be8 26. Red1 Re5 27. Bf3 Ne4 28. Bxe4 Rxe4 29. Re1 Rc5 30. Nc2 e5 31. Na3 Rg4
32. Nb1 b5 $1 {It is important that Black breaks the queenside before White
finishes his knight maneouver to d5.} 33. cxb5 Bxb5 34. Nc3 Bc6 35. e4 h5 36.
a3 h4 37. Re3 Ke6 38. Re1 g6 39. Re3 f5 40. exf5+ $6 {The start of real
problems. Black's passed pawn is more dangerous than the pressure on White's
e4 pawn, so it was imperative to retain the passive position and hold on to
the static structure.} gxf5 41. g3 Bh1 42. Ne2 Rd5 43. Rc2 $2 (43. Kc1 {
holding on to the second rank, was necessary. After Carlsen's response White
is lost.}) 43... Be4 44. Rc4 {Black's position is too active.} (44. Nc3 Bxc2
45. Nxd5 Kxd5 46. Kxc2 f4 47. gxf4 exf4 {seemed hopeless.}) 44... Rd2+ 45. Kc1
Ra2 46. h3 Rxe2 $1 47. Rxe2 Rxg3 {The exchange sacrifice is easy to make since
White will need to give up another pawn and the e and pawns will roll to
victory.} 48. Rc5 Rxh3 49. Rxa5 Rxb3 50. Ra6+ Kd5 51. Ra5+ Kd4 52. Ra4+ Kd3 53.
Rh2 f4 54. Rxh4 Ke3 55. Rb4 Rxb4 56. axb4 f3 57. Rh1 {The pawn will cost White
his rook and the game is over.} 0-1

[Event "Zuerich Chess Challenge Blitz"]
[Site "Zuerich"]
[Date "2014.01.29"]
[Round "4"]
[White "Carlsen, Magnus"]
[Black "Anand, Viswanathan"]
[Result "1-0"]
[WhiteElo "2872"]
[BlackElo "2773"]
[Annotator "Vidit,S"]
[PlyCount "41"]
[EventDate "2014.01.29"]
[EventType "tourn (blitz)"]
[EventRounds "5"]
[EventCountry "SUI"]
[EventCategory "22"]
[SourceTitle "CBM 158 Extra"]
[Source "ChessBase"]
[SourceDate "2014.02.28"]
[SourceVersion "1"]
[SourceVersionDate "2014.02.28"]
[SourceQuality "1"]

1. Nf3 d5 2. b3 c5 3. e4 $5 {Reversed Budapest Gambit! Quite an unexpected
choice.} dxe4 4. Ng5 Nf6 5. Nc3 {Generally in the Budapest Gambit the bishop
is developed first as it provokes e6.5.Nc3 allows the extra option of 5...Bf5}
(5. Bc4 e6 6. Nc3) 5... Nc6 (5... Bf5 6. Bb5+ Nc6 7. Qe2 Qd4 8. f3 exf3 9.
Bxc6+ bxc6 10. Nxf3 {Is a typical way of playing in these lines.}) 6. Bc4 e6 7.
Bb2 Be7 8. O-O O-O 9. Ncxe4 {The drawback of the extra tempo (b3) is that it
stops one of the most typical plans in these lines i.e the a4-Ra3-Rh3!} Nxe4 (
9... h6 $5 10. Nxf6+ Bxf6 11. Bxf6 Qxf6 12. Ne4 Qe7 {With no weaknesses and
extra control over the centre I would take the black pieces.}) 10. Nxe4 e5 $2 {
I was very surprised when Anand blitzed out this move within seconds.It opens
the diagonal for c4 bishop plus allows white the opportunity to attack with f4.
After the normal b6 I would infact prefer black's position} (10... b6 {& Black
can simply play Bb7-Qd7-Rad8 whereas it isn't clear how white should develop
an initiative.} 11. Qg4 {is simply met by} Nd4) 11. f4 exf4 12. Qh5 $2 {
I absolutely see no reason for playing Qh5 before Rf4.} (12. Rxf4 $142 Be6 13.
Bxe6 fxe6 14. Qg4 $40) 12... Nd4 $2 {Black had an opportunity to neutralize
the attack by playing Be6. The same wouldn't have been possible after Rf4
because then White queen could go to g4 !} (12... Be6 $142 $1 13. Rxf4 Bxc4 14.
bxc4 Nd4 $132) 13. Rxf4 {Anand sank into a deep thought here and his second
Peter Leko on the live feed remarked "This is not usual for Vishy to spend so
much time, he likes to play fast. I think he definitely feels some pressure
here."} g6 (13... Be6 {was the lesser of the evils.} 14. Nxc5 Bxc4 15. Rxd4 Be2
$1 16. Rxd8 Bxh5 17. Rd5 Bg6 18. Re1 Bxc5+ 19. Rxc5 $16) 14. Qe5 $18 {Black is
already lost now as white's attack is too strong.} b6 15. Raf1 Bf5 16. g4 (16.
Rxf5 $5 gxf5 17. Rxf5 $18) 16... Be6 17. Bxe6 fxe6 18. Rxf8+ Bxf8 19. Nf6+ Kh8
20. c3 (20. Ne8+ Kg8 21. Qh8+ {Wasn't this more pretty? :)}) 20... Nc6 21. Ne8+
(21. Ne8+ Nxe5 22. Rxf8#) 1-0